000 00738cam a22002531 4500
001 2049
003 BD-RjUL
005 20211208233454.0
008 131210s19551954nyua 001 0 eng
035 _a(BD-RjUL)2076
035 _a(OCoLC)167732
040 _aDLC
_cODaWU
_dOCoLC
_dUk
_dDLC
_beng
041 _aeng
082 _a330
_216
_bBAE 1955
100 1 _aBach, George Leland,
_d1915-1994.
_96011
245 1 0 _aEconomics :
_ban introduction to analysis and policy /
_cGeorge Leland Bach
260 _aNew York :
_bPrentice-Hall,
_c1954.[REPRINTED 1955]
300 _aviii,720 p.
_billus.
_c24 cm.
526 _bEconomics
650 0 _aEconomics.
_96708
650 0 _aEconomic policy.
_96709
942 _2ddc
_cBK
999 _c2049
_d2049